ដំណំាប៉េងបោះ នៅខេត្តកណ្ដាល (Record no. 154)
[ view plain ]
| 000 -LEADER | |
|---|---|
| fixed length control field | 00451nam a22001577a 4500 |
| 003 - CONTROL NUMBER IDENTIFIER | |
| control field | OSt |
| 005 - DATE AND TIME OF LATEST TRANSACTION | |
| control field | 20150908164411.0 |
| 008 - FIXED-LENGTH DATA ELEMENTS--GENERAL INFORMATION | |
| fixed length control field | 150908b xxu||||| |||| 00| 0 eng d |
| 040 ## - CATALOGING SOURCE | |
| Transcribing agency | RUA |
| 082 ## - DEWEY DECIMAL CLASSIFICATION NUMBER | |
| Classification number | AGR ឡោ 1993 B008 Or.1 |
| 100 ## - MAIN ENTRY--PERSONAL NAME | |
| 9 (RLIN) | 173 |
| Personal name | ឡោ ប៊ុណ្ណា |
| 245 ## - TITLE STATEMENT | |
| Title | ដំណំាប៉េងបោះ នៅខេត្តកណ្ដាល |
| 260 ## - PUBLICATION, DISTRIBUTION, ETC. (IMPRINT) | |
| Place of publication, distribution, etc. | RUA |
| Name of publisher, distributor, etc. | phnom penh |
| Date of publication, distribution, etc. | 1993 |
| 300 ## - PHYSICAL DESCRIPTION | |
| Extent | 52p. |
| Dimensions | ill. |
| Size of unit | 29cm. |
| 942 ## - ADDED ENTRY ELEMENTS (KOHA) | |
| Source of classification or shelving scheme | |
| Koha item type | AGR |
| Price effective from | Date last seen | Permanent Location | Not for loan | Date acquired | Date last checked out | Source of classification or shelving scheme | Total Checkouts | Koha item type | Barcode | Lost status | Damaged status | Withdrawn status | Current Location | Full call number |
|---|---|---|---|---|---|---|---|---|---|---|---|---|---|---|
| 2015-09-08 | 2015-09-08 | Library Block B | 2015-09-08 | AGR | RUA003446 | Library Block B | AGR ឡោ 1993 B008 Or.1 | |||||||
| 2015-09-08 | 2015-09-08 | Library Block B | 2015-09-08 | AGR | RUA003374 | Library Block B | AGR ឡោ 1993 B008 Or.2 | |||||||
| 2015-09-08 | 2015-09-08 | Library Block B | 2015-09-08 | AGR | RUA003902 | Library Block B | AGR ឡោ 1993 B008 Or.3 | |||||||
| 2015-09-08 | 2016-03-30 | Library Block B | 2015-09-08 | 2016-03-11 | 1 | AGR | RUA003447 | Library Block B | AGR ឡោ 1993 B008 Or.4 | |||||
| 2015-09-08 | 2015-09-08 | Library Block B | 2015-09-08 | AGR | RUA003655 | Library Block B | AGR ឡោ 1993 B008 Or.5 | |||||||
| 2015-09-08 | 2015-09-08 | Library Block B | 2015-09-08 | AGR | RUA003373 | Library Block B | AGR ឡោ 1993 B008 Or.6 | |||||||
| 2015-09-08 | 2015-09-08 | Library Block B | 2015-09-08 | AGR | RUA003517 | Library Block B | AGR ឡោ 1993 B008 Or.7 | |||||||
| 2015-09-08 | 2019-07-01 | Library Block B | 2015-09-08 | 2017-08-01 | 2 | AGR | RUA003518 | Library Block B | AGR ឡោ 1993 B008 Or.8 |